| 000 | 00606nam a2200181Ia 4500 | ||
|---|---|---|---|
| 005 | 20251020182609.0 | ||
| 008 | 200515s9999 xx 000 0 und d | ||
| 082 | _aSC/621.395/C73 | ||
| 110 | _aCompañía peruana de teléfonos | ||
| 245 | 0 | _aPrograma de capacitación construcción planta externa | |
| 260 | _aLima | ||
| 260 | _c1985 | ||
| 300 | _as.n. | ||
| 520 | _aDestinado a preparar el curso dirigido al área de Construcción Planta Externa. Este documento informa sobre el análisis del empleo aplicado dentro del área en mención | ||
| 650 | _aTAREAS | ||
| 650 | _aTELEFONIA | ||
| 942 | _cLIB | ||
| 999 |
_c3286 _d3286 |
||